|
|
|
|
| LEADER |
00000nam0a2200000 4500 |
| 001 |
217925 |
| 005 |
20231101230147.0 |
| 010 |
|
|
|a 9785976513273
|
| 010 |
|
|
|a 978-5-02-037756-1
|
| 035 |
|
|
|a (RuTPU)RU\TPU\book\237929
|
| 090 |
|
|
|a 217925
|
| 100 |
|
|
|a 20120609d2012 m y0rusy50 ca
|
| 101 |
0 |
|
|a rus
|
| 102 |
|
|
|a RU
|
| 105 |
|
|
|a a j 001zy
|
| 200 |
1 |
|
|a Кредитный портфель коммерческого банка
|e учебное пособие для вузов
|f Е. А. Бибикова, С. Е. Дубова
|
| 210 |
|
|
|a Москва
|c Флинта
|c Наука
|d 2012
|
| 215 |
|
|
|a 127 с.
|c ил.
|
| 225 |
1 |
|
|a Экономика и управление
|
| 320 |
|
|
|a Библиогр.: с. 111-114.
|
| 330 |
|
|
|a В учебном пособии рассматривается сущность кредитного портфеля на категориальном и прикладном уровнях. Выявлены функции кредитного портфеля через функции кредита. Особое внимание уделено оценке кредитного портфеля и понятию его качества, а также управлению проблемным сегментом кредитного портфеля банка. Раскрыто содержание этапов процесса ликвидации проблемной задолженности; приводится материал, характеризующий современное состояние и тенденции развития банковского кредитования в России и за рубежом; анализ и оценка кредитных портфелей коммерческих банков Российской Федерации за последние несколько лет.
|
| 606 |
1 |
|
|a Банковский кредит
|2 stltpush
|3 (RuTPU)RU\TPU\subj\67497
|9 83272
|
| 610 |
1 |
|
|a коммерческие банки
|
| 610 |
1 |
|
|a портфельные технологии
|
| 610 |
1 |
|
|a кредитование
|
| 610 |
1 |
|
|a кредитный менеджмент
|
| 610 |
1 |
|
|a кредитный портфель
|
| 610 |
1 |
|
|a формирование
|
| 610 |
1 |
|
|a управление
|
| 610 |
1 |
|
|a учебные пособия
|
| 686 |
|
|
|a У9(2)262.2я73
|v LBC/SL-A
|2 rubbk
|
| 700 |
|
1 |
|a Бибикова
|b Е. А.
|g Екатерина Алексеевна
|
| 701 |
|
1 |
|a Дубова
|b С. Е.
|g Светлана Евгеньевна
|
| 712 |
0 |
2 |
|a Ивановский государственный химико-технологический университет
|2 stltpush
|3 (RuTPU)RU\TPU\col\6781
|9 24268
|
| 801 |
|
1 |
|a RU
|b 63413507
|c 20120609
|
| 801 |
|
2 |
|a RU
|b 63413507
|c 20150526
|g RCR
|
| 942 |
|
|
|c BK
|
| 959 |
|
|
|a 91/20120609
|d 2
|e 100,00
|f ЧЗГЛ:1
|f АНЛ:1
|